Modern India: (Record no. 183384)

MARC details
000 -LEADER
fixed length control field 00632 a2200181 4500
005 - DATE AND TIME OF LATEST TRANSACTION
control field 20211224100750.0
010 ## - LCCN (DPL NO)
LC control number ENG-130574
020 ## - INTERNATIONAL STANDARD BOOK NUMBER
International Standard Book Number 978-93-5460-002-9
Terms of availability 890.00
035 ## - SYSTEM CONTROL NUMBER
System control number EN-114106
037 ## - SOURCE OF ACQUISITION
Source of stock number/acquisition DBAD/PUB
082 ## - DEWEY DECIMAL CLASSIFICATION NUMBER
Classification number 954
Item number 1
100 ## - MAIN ENTRY--PERSONAL NAME
Personal name Dahiya, Poonam Dalal
245 ## - TITLE STATEMENT
Title Modern India:
Remainder of title For Civil Services and other Competitive Examinations:
Statement of responsibility, etc Poonam Dalal Dahiya
260 ## - PUBLICATION, DISTRIBUTION, ETC. (IMPRINT)
Place of publication, distribution, etc Chennai
Name of publisher, distributor, etc McGraw Hill Education(india) Private Limited
Date of publication, distribution, etc 2022
270 ## - ADDRESS
Address Anjana Complex No.5 /90 A, Butt Road, St. Thomas Mount
City Chennai
Postal code 600016
300 ## - PHYSICAL DESCRIPTION
Extent 536p.
Dimensions 24cm (pbk)
942 ## - ADDED ENTRY ELEMENTS (KOHA)
Institution code [OBSOLETE] dpl
Item type English Books
Source of classification or shelving scheme Dewey Decimal Classification
Classification part 954
Call number suffix DAH
Holdings
Withdrawn status Lost status Not for loan Collection code Home library Current library Date acquired Source of acquisition Cost, normal purchase price Full call number Barcode Copy number Cost, replacement price Koha item type
      Non-fiction Mobile Library Mobile Library 24/12/2021 DBAD/PUB 425.00 954 DAH EN-114106 1 425.00 English Books

© Delhi Public Library
Hit Counter
free hit counter